000 00289nam a2200121Ia 4500
008 210430s9999 xx 000 0 und d
082 _a530 A957T
100 _aAvison,John
_954966
245 4 _aThe World Of Physics
_cAvison,John
260 _c1989
300 _a486p.
942 _cBK
_2ddc
999 _c565894
_d565894